St. Francis of Assisi Facts - Statistics

General Stats
  • This quiz has been taken 13 times
  • The average score is 4 of 15
Answer Stats
Hint Answer % Correct
2 He was born in Assisi
90%
5 He is commonly considered the patron saint of Animals
60%
4 His nickname was Francesco
50%
1 His birth name was Giovanni
40%
13 The first pope named Francis was elected in 2013
30%
7 He attempted rapprochement with the Muslim by visiting Egypt
20%
9 He is buried at the Basilica of St. Francis
10%
12 He called all creatures as his Brothers and Sisters
10%
11 In 1979, Pope John Paul declared St. Francis to be the Patron Saint of Ecology
10%
8 He was pronounced a saint by Pope Gregory IX
10%
10 According to legend, he made peace with the terrifying wolf of the town of Gubbio
10%
14 He is also considered the patron saint of Merchants
10%
3 His father was a Silk Merchant
10%
6 He cared deeply for Environment
0%
15 The prayer commonly associated with him Make Me an Instrument of Your Peace
0%
No matching quizzes found
Score Distribution
Percent of People with Each Score
Percentile by Number Answered
Your Score History
You have not taken this quiz